| 000 | 00800nam a2200205 u 4500 | ||
|---|---|---|---|
| 001 | 000025246 | ||
| 005 | 20200930023645.0 | ||
| 008 | 110211s1993 mx a r 001 0 spa d | ||
| 020 | _a9684640595 | ||
| 040 |
_aDO-SdBNP _bspa _cBNPHU |
||
| 041 | 1 | 7 |
_aspa _heng _2Código de idiomas MARC |
| 082 |
_ann* _bnn* |
||
| 100 | 1 |
_aBranson, Dan E. _951739 |
|
| 240 | 1 | 0 |
_aAnalysis and design of noncomposite and composite prestressed concrete structures. _lEspañol |
| 245 | 1 | 0 |
_aDiseño de vigas de concreto presforzado / _cDan E. Branson. |
| 260 |
_aMéxico, D. F. : _bInstituto Mexicano del Cemento y del Concreto, _c1993. |
||
| 300 |
_a111 p. : _bil. ; _c23 cm. |
||
| 534 |
_aTítulo original en inglés : _tAnalysis and design of noncomposite and composite prestressed concrete structures |
||
| 049 | _aBNGR | ||
| 999 |
_c24739 _d24739 |
||